<?xml version="1.0" encoding="UTF-8"?>
<record
    xmlns:xsi="http://www.w3.org/2001/XMLSchema-instance"
    xsi:schemaLocation="http://www.loc.gov/MARC21/slim http://www.loc.gov/standards/marcxml/schema/MARC21slim.xsd"
    xmlns="http://www.loc.gov/MARC21/slim">

  <leader>01268nam a2200265 a 4500</leader>
  <controlfield tag="001">47279</controlfield>
  <controlfield tag="003">BD-RjUL</controlfield>
  <controlfield tag="005">20211209054304.0</controlfield>
  <controlfield tag="008">160808s1997    B  ||||| b||| 00| 0 ben d</controlfield>
  <datafield tag="020" ind1=" " ind2=" ">
    <subfield code="c">: TK 270.00</subfield>
  </datafield>
  <datafield tag="035" ind1=" " ind2=" ">
    <subfield code="a">(BD-RjUL)</subfield>
  </datafield>
  <datafield tag="040" ind1=" " ind2=" ">
    <subfield code="a">BD-RjUL</subfield>
    <subfield code="b">ben</subfield>
    <subfield code="c">BD-RjUL</subfield>
  </datafield>
  <datafield tag="041" ind1=" " ind2=" ">
    <subfield code="a">ben</subfield>
  </datafield>
  <datafield tag="082" ind1=" " ind2=" ">
    <subfield code="2">23</subfield>
    <subfield code="a">978.00497</subfield>
    <subfield code="b">BRA 1997</subfield>
  </datafield>
  <datafield tag="100" ind1="1" ind2=" ">
    <subfield code="a">&#x9AC;&#x9CD;&#x9B0;&#x9BE;&#x989;&#x9A8;, &#x9A1;&#x9BF;</subfield>
    <subfield code="9">143911</subfield>
  </datafield>
  <datafield tag="245" ind1="0" ind2="0">
    <subfield code="a">&#x986;&#x9AE;&#x9BE;&#x9B0;&#x9C7; &#x995;&#x9AC;&#x9B0; &#x9A6;&#x9BF;&#x993; &#x9B9;&#x9BE;&#x99F;&#x9C1;&#x9AD;&#x9BE;&#x999;&#x9CD;&#x997;&#x9BE;&#x9B0; &#x9AC;&#x9BE;&#x981;&#x995;&#x9C7; : </subfield>
    <subfield code="b">[&#x986;&#x9AE;&#x9C7;&#x9B0;&#x9BF;&#x995;&#x9BE;&#x9B0; &#x9A6;&#x995;&#x9CD;&#x9B7;&#x9BF;&#x9A8; &#x9AA;&#x9B6;&#x9CD;&#x99A;&#x9AE;&#x9BE;&#x99E;&#x9CD;&#x99A;&#x9B2;&#x9C0;&#x9AF;&#x9BC; &#x9B0;&#x9C7;&#x9A1; &#x987;&#x9A3;&#x9CD;&#x9A1;&#x9BF;&#x9AF;&#x9BC;&#x9BE;&#x9A8; &#x987;&#x9A4;&#x9BF;&#x9B9;&#x9BE;&#x9B8;]</subfield>
    <subfield code="c">&#x9A6;&#x9BE;&#x989;&#x9A6; &#x9B9;&#x9CB;&#x9B8;&#x9C7;&#x9A8; (&#x985;&#x9A8;&#x9C1;&#x9AC;&#x9BE;&#x9A6;&#x995;)</subfield>
  </datafield>
  <datafield tag="260" ind1=" " ind2=" ">
    <subfield code="a">&#x9A2;&#x9BE;&#x995;&#x9BE; : </subfield>
    <subfield code="b">&#x9B8;&#x982;&#x998; &#x9AA;&#x9CD;&#x9B0;&#x995;&#x9BE;&#x9B6;, </subfield>
    <subfield code="c">&#x9E7;&#x9EF;&#x9EF;&#x9ED;.</subfield>
  </datafield>
  <datafield tag="300" ind1=" " ind2=" ">
    <subfield code="a">(&#x9A4;&#x9C7;&#x987;&#x9B6;), &#x9EA;&#x9E6;&#x9E6; &#x9AA;&#x9C3;. : </subfield>
    <subfield code="b">&#x99A;&#x9BF;&#x9A4;&#x9CD;&#x9B0; ; </subfield>
    <subfield code="c">&#x9E8;&#x9E9; &#x9B8;&#x9C7;&#x9AE;&#x9BF;.</subfield>
  </datafield>
  <datafield tag="650" ind1=" " ind2=" ">
    <subfield code="a">&#x989;&#x9A4;&#x9CD;&#x9A4;&#x9B0; &#x986;&#x9AE;&#x9C7;&#x9B0;&#x9BF;&#x995;&#x9BE;&#x9B0; &#x9AD;&#x9BE;&#x9B0;&#x9A4;&#x9C0;&#x9AF;&#x9BC;&#x9A6;&#x9C7;&#x9B0; - </subfield>
    <subfield code="v">&#x9AF;&#x9C1;&#x9A6;&#x9CD;&#x9A7; - &#x9AA;&#x9B6;&#x9CD;&#x99A;&#x9BF;&#x9AE;--</subfield>
    <subfield code="9">143912</subfield>
  </datafield>
  <datafield tag="650" ind1=" " ind2=" ">
    <subfield code="x">&#x987;&#x9A4;&#x9BF;&#x9B9;&#x9BE;&#x9B8;</subfield>
    <subfield code="9">143913</subfield>
  </datafield>
  <datafield tag="650" ind1=" " ind2=" ">
    <subfield code="a">Indians of North America -- Wars -- West (U.S.)        </subfield>
    <subfield code="9">143914</subfield>
  </datafield>
  <datafield tag="650" ind1=" " ind2=" ">
    <subfield code="a">West (U.S.) -- History.</subfield>
    <subfield code="9">143915</subfield>
  </datafield>
  <datafield tag="700" ind1=" " ind2=" ">
    <subfield code="a"> &#x9B9;&#x9CB;&#x9B8;&#x9C7;&#x9A8;, &#x9A6;&#x9BE;&#x989;&#x9A6; (&#x985;&#x9A8;&#x9C1;&#x9AC;&#x9BE;&#x9A6;&#x995;)</subfield>
    <subfield code="9">143916</subfield>
  </datafield>
  <datafield tag="942" ind1=" " ind2=" ">
    <subfield code="2">ddc</subfield>
    <subfield code="c">BK</subfield>
  </datafield>
  <datafield tag="999" ind1=" " ind2=" ">
    <subfield code="c">47279</subfield>
    <subfield code="d">47279</subfield>
  </datafield>
  <datafield tag="952" ind1=" " ind2=" ">
    <subfield code="0">0</subfield>
    <subfield code="1">0</subfield>
    <subfield code="2">ddc</subfield>
    <subfield code="4">0</subfield>
    <subfield code="7">0</subfield>
    <subfield code="8">NFIC</subfield>
    <subfield code="a">RUCL</subfield>
    <subfield code="b">RUCL</subfield>
    <subfield code="c">Stack</subfield>
    <subfield code="d">1997-12-27</subfield>
    <subfield code="e">New Mohiuddin and Sons, Rajshahi</subfield>
    <subfield code="g">270.00</subfield>
    <subfield code="l">1</subfield>
    <subfield code="o">B 978.00497 BRA 1997</subfield>
    <subfield code="r">2018-10-30 00:00:00</subfield>
    <subfield code="s">2018-01-23</subfield>
    <subfield code="t">C-2</subfield>
    <subfield code="w">2016-08-08</subfield>
    <subfield code="y">BK</subfield>
  </datafield>
</record>
